Polish Legends by Career Path - Statistics

General Stats
  • This quiz has been taken 16 times
  • The average score is 6 of 10
Answer Stats
Players Teams % Correct
Robert Lewandowski
100%
Lukas Podolski
79%
Wojciech Szczęsny
79%
Jakub Błaszczykowski
71%
Jerzy Dudek
64%
Zbigniew Boniek
64%
Kazimierz Deyna
43%
Grzegorz Lato
29%
Tomasz Frankowski
29%
Włodzimierz Lubański
7%
No matching quizzes found
Score Distribution
Percent of People with Each Score
Percentile by Number Answered
Your Score History
You have not taken this quiz